Представление документа в формате RUSMARC

ПолеНазваниеЗначение
  Тип записи a
  Библиографический уровень m
001 Контрольный номер RU/УОНБ/EK/638468520
005 Дата корректировки 20251121115322.9
010 Индекс ISBN __
d Цена 43 к.
9 Тираж 800 экз.
100 Данные общей обработки __
a Данные общей обработки 20200325d1970 k y0rusy0189||||ca
101 Язык документа 0_
a Язык текста rus
102 Страна публикации __
a Страна публикации RU
105 Кодированные данные (монография) __
a Кодированные данные (монография) a z 000yy
200 Заглавие и сведения об ответственности 1_
a Заглавие Работы в области строительства и архитектуры
e Сведения, относящиеся к заглавию доклады 3 научной сессии
f Первые сведения об ответственности М-во высш. и ср. спец. образования РСФСР, Северо-Кавказский совет по координации и планированию науч.-исслед. работ по техн. и естеств. наукам, Новочеркасский политехн. ин-т
210 Выходные данные 1_
a Место издания Новочеркасск
c Издательство [б. и.]
d Дата издания 1970
215 Физическое описание __
a Объем 67 с.
c Иллюстрации/тип воспроизводства ил.
d Формат 17 см
606 Тематические рубрики 0_
a Основная рубрика Строительное дело
x Основная подрубрика Доклады
610 Ключевые слова 0_
a Ключевые слова строительное дело
610 Ключевые слова 0_
a Ключевые слова архитектура
686 Индексы других классификаций __
a Классификационный индекс 85.11я43
2 Код системы rubbk
712 Наименование организации (Вторичная ответственность) 02
a Организация/ юрисдикция Новочеркасский политехнический институт
4 Код отношения 570
801 Источник записи _0
a Страна RU
b Организация Ульяновская ОНБ
c Дата составления 20200325
g Правила каталогизации RCR
801 Источник записи _1
a Страна RU
b Организация Ульяновская ОНБ
c Дата составления 20200325
g Правила каталогизации RCR
901 Тип документа __
t Тип документа m
909 Создатель записи __
a Создатель записи Осокина
938 Служебная информация __
a Имя БД retro
b Имя библиотеки УОНБ
c Имя АИБС МАРК-SQL
d Номер DOC_ID в БД 330080